000 00386nam a2200145Ia 4500
008 210716s1992 xx 000 0 und d
041 _aeng
082 _a519.4 SHAM
100 _aShanthakumar, M.
245 _aComputer based numerical analysis.
250 _a1
260 _aNew Delhi
_bKhanna Publications
_c1992
300 _aiii,334
650 _aApplied Numerical Analysis(519.4)
999 _c182267
_d182267